Entry Toplantı Adı
001 - KONTROL NUMARASI
- Kontrol alanı: 85213
003 - KONTROL NUMARASI KİMLİĞİ
- Kontrol alanı: TR-BiSEU
005 - SON İŞLEM TARİHİ VE ZAMANI
- Kontrol alanı: 20260207003513.0
008 - SABİT UZUNLUKTAKİ VERİ ÖGELERİ - GENEL BİLGİ
- Sabit uzunlukta kontrol alanı: 260207|| aca||aabn | a|a d
040 ## - KATALOGLAMA KAYNAĞI
- Özgün kataloglama kurumu: TR-BiSEU
- Çeviri kurumu: TR-BiSEU
111 ## - KONU BAŞLIKLARI - TOPLANTI ADI
- Toplantı adı: I. seramik sanat eğitimi konferansı( I. ; 2014 ; Bilecik)
670 ## - BİLGİNİN KAYNAĞI
- Bilginin alındığı kaynak: KOHA: (TR-BiSEU)46225: I. seramik sanat eğitimi konferansı( I. ; 2014 ; Bilecik), Bilecik Şeyh Edebal Üniversitesi güzel sanatlar ve tasarım fakültesi :
